LDR 01246naa#a2200229#i#450# 001 RU\\bibl\126532 005 20260701134526.3 011 ## _a2074-9414 100 ## _a20260630b2026####ek#y0rusy0150####ca 101 0# _aRUS 102 ## _aRU 200 1# _aГенетические детерминанты антагонистической и ростостимулирующей активности штамма Pantoea pleuroti _eЖурнальная статья 210 1# _aКемерово _cКемеровский государственный университет _d2026 215 ## _a12 с. 608 ## _aЖурнальная статья _2local 675 ## _aХимическая технология. Химическая промышленность. Пищевая промышленность. Металлургия. Родственные отрасли. 66 _zRUS 700 #1 _aСеразетдинова _gЮлия Ренатовна 700 #1 _aФотина _gНаталья Вячеславовна 700 #1 _aТупикин _gАлексей Евгеньевич 700 #1 _aЛюбимова _gНадежда Александровна 700 #1 _aАсякина _gЛюдмила Константиновна 856 4# _ajcenter.kemsu.ru _u